NFL 1,000 Yard Receivers since 2020 - Statistics

General Stats
  • This quiz has been taken 224 times
    159 since last reset
  • The average score is 85 of 93
Answer Stats
Year Team Yards Player % Correct
2023 PHI 1,456 A.J Brown
99%
2022 PHI 1,496 A.J. Brown
99%
2020 TEN 1,075 A.J. Brown
99%
2023 DET 1,515 Amon-Ra St. Brown
99%
2022 DET 1,161 Amon-Ra St. Brown
99%
2023 DAL 1,749 Ceedee Lamb
99%
2022 DAL 1,359 CeeDee Lamb
99%
2021 DAL 1,102 CeeDee Lamb
99%
2023 CIN 1,216 Ja'Marr Chase
99%
2022 CIN 1,046 Ja'Marr Chase
99%
2021 CIN 1,455 Ja'Marr Chase
99%
2021 BAL 1,008 Marquise Brown
99%
2023 TB 1,255 Mike Evans
99%
2022 TB 1,124 Mike Evans
99%
2021 TB 1,035 Mike Evans
99%
2020 TB 1,006 Mike Evans
99%
2023 LAR 1,486 Puka Nacua
99%
2023 BUF 1,183 Stefon Diggs
99%
2022 BUF 1,429 Stefon Diggs
99%
2021 BUF 1,225 Stefon Diggs
99%
2020 BUF 1,535 Stefon Diggs
99%
2023 MIA 1,799 Tyreek Hill
99%
2022 MIA 1,710 Tyreek Hill
99%
2021 KC 1,239 Tyreek Hill
99%
2020 KC 1,276 Tyreek Hill
99%
2023 LV 1,144 Davante Adams
98%
2022 LV 1,516 Davante Adams
98%
2021 GB 1,553 Davante Adams
98%
2020 GB 1,374 Davante Adams
98%
2023 PHI 1,066 DeVonta Smith
98%
2022 PHI 1,196 DeVonta Smith
98%
2023 MIN 1,074 Justin Jefferson
98%
2022 MIN 1,809 Justin Jefferson
98%
2021 MIN 1,616 Justin Jefferson
98%
2020 MIN 1,400 Justin Jefferson
98%
2023 LAC 1,243 Keenan Allen
98%
2021 LAC 1,138 Keenan Allen
98%
2023 SF 1,342 Brandon Aiyuk
97%
2022 SF 1,015 Brandon Aiyuk
97%
2023 TB 1,024 Chris Godwin
97%
2022 TB 1,023 Chris Godwin
97%
2023 NO 1,123 Chris Olave
97%
2022 NO 1,042 Chris Olave
97%
2021 LAR 1,947 Cooper Kupp
97%
2023 CHI 1,364 DJ Moore
97%
2021 CAR 1,157 DJ Moore
97%
2020 CAR 1,193 DJ Moore
97%
2023 HOU 1,297 Nico Collins
97%
2023 TEN 1,057 DeAndre Hopkins
96%
2020 ARI 1,407 DeAndre Hopkins
96%
2023 NYJ 1,042 Garrett Wilson
96%
2022 NYJ 1,103 Garrett Wilson
96%
2023 SEA 1,114 DK Metcalf
95%
2022 SEA 1,048 DK Metcalf
95%
2020 SEA 1,303 DK Metcalf
95%
2023 IND 1,152 Michael Pittman Jr.
95%
2021 IND 1,082 Michael Pittman Jr.
95%
2023 PIT 1,140 George Pickens
94%
2022 CIN 1,029 Tee Higgins
94%
2021 CIN 1,091 Tee Higgins
94%
2021 SF 1,405 Deebo Samuel Sr.
93%
2023 MIA 1,014 Jaylen Waddle
93%
2022 MIA 1,356 Jaylen Waddle
93%
2021 MIA 1,015 Jaylen Waddle
93%
2023 WAS 1,002 Terry McLaurin
92%
2022 WAS 1,191 Terry McLaurin
92%
2021 WAS 1,053 Terry McLaurin
92%
2020 WAS 1,118 Terry McLaurin
92%
2022 KC 1,338 Travis Kelce
92%
2021 KC 1,125 Travis Kelce
92%
2020 KC 1,416 Travis Kelce
92%
2023 CLE 1,250 Amari Cooper
91%
2022 CLE 1,160 Amari Cooper
91%
2020 DAL 1,114 Amari Cooper
91%
2023 SF 1,020 George Kittle
91%
2022 SEA 1,033 Tyler Lockett
90%
2021 SEA 1,175 Tyler Lockett
90%
2020 SEA 1,054 Tyler Lockett
90%
2023 CAR 1,014 Adam Thielen
87%
2023 JAX 1,016 Calvin Ridley
85%
2020 ATL 1,374 Calvin Ridley
85%
2021 BAL 1,361 Mark Andrews
80%
2021 LAC 1,146 Mike Williams
78%
2022 JAX 1,108 Christian Kirk
69%
2021 PIT 1,161 Diontae Johnson
67%
2021 LV 1,038 Hunter Renfrow
58%
2021 ATL 1,026 Kyle Pitts
58%
2020 LV 1,196 Darren Waller
54%
2020 CHI 1,250 Allen Robinson
52%
2021 CHI 1,055 Darnell Mooney
50%
2021 HOU 1,037 Brandin Cooks
47%
2020 HOU 1,150 Brandin Cooks
47%
2020 CAR 1,096 Robbie Anderson
38%
No matching quizzes found
Score Distribution
Percent of People with Each Score
Percentile by Number Answered
Your Score History
You have not taken this quiz since the last reset